00691nam a22002173 450000100060000000300080000600500170001400800370003102000140006803500340008204000350011604100080015108200180015910000270017724501200020426000470032430000200037160000300039170000320042175200200045321263BD-RjUL20211209000651.0140304s1910 enk 000 0 d a723100780 aCD-0000815096a(BD-RjUL)21327 aBD-RjULbengcBD-RjULdBD-RjUL aeng a052bSHS 19101 aShelley, Percy Bysshe.10aShelley; Adonais :b an elegy on the death of John Keats, author of Endymion, Hyperion, etc /c ed. by A.R. Weekes. aLondon :c1910bUniversity tutorial press, c15 cm.a83 p. : d Keats, John, 1795-1821.1 aWeekes, Agnes Russell,eed. aEnglanddLondon